| Поле | Инд. | ПП | Название | Значение |
|---|---|---|---|---|
| Тип записи | a | |||
| Библиографический уровень | a | |||
| 001 | Контрольный номер | 8d804bcb05a34d6db3f81875032f4bbc | ||
| 005 | Дата корректировки | 20181120134524.3 | ||
| 100 | a | Данные общей обработки | 20180814 ||| 0rusy0189 ca | |
| 101 | 0_ | a | Язык текста | rus |
| 102 | a | Страна публикации | RU | |
| 200 | 1_ | f | Первые сведения об ответственности | Л.А. Шарнина |
| a | Заглавие | Толкование как способ восполнения правовой неопределенности в конституционном праве: вопросы судебного усмотрения | ||
| 210 | d | Дата издания | 2018 | |
| 461 | _0 | 1 | 2000 | |
| a | Конституционное и муниципальное право | |||
| 463 | _0 | 1 | 2000 | |
| a | №4 | |||
| v | С. 7-11 | |||
| 1 | 2101 | |||
| d | 2018 | |||
| 1 | 00138823360cde94ff6a406002428a8bcd2 | |||
| 606 | a | Основная рубрика | Конституционное (государственное) право | |
| 610 | 0_ | a | Ключевые слова | ПРОБЕЛЫ В ПРАВЕ |
| a | Ключевые слова | ТОЛКОВАНИЕ ПРАВА | ||
| a | Ключевые слова | КОНСТИТУЦИОННЫЙ СУД РФ | ||
| 700 | _1 | a | Фамилия | Шарнина |
| b | Имя | Л.А. | ||
| 801 | _0 | a | Страна | RU |
| b | Организация | РГУП | ||
| c | Дата составления | 20180814 | ||
| g | Правила каталогизации | PSBO | ||
| 801 | _1 | a | Страна | RU |
| b | Организация | РГУП | ||
| c | Дата составления | 20180814 | ||
| g | Правила каталогизации | PSBO | ||
| 901 | t | Тип документа | b | |
| w | Контрольный № источника | 38823360cde94ff6a406002428a8bcd2 | ||
| 905 | a | Дата ввода | 20180814 |